| 000 | 00527nam a22001337a 4500 | ||
|---|---|---|---|
| 100 | _aAzam, Muhammad Nadeem | ||
| 245 |
_aDevelopment of Performance Evaluation Techniques for Medium Vacuum Pumps Using Numerical and Experimental Methods / _cMuhammad Nadeem Azam. |
||
| 260 |
_aIslamabad : _bCEME -NUST, _c2014. |
||
| 300 |
_a144 p. : ill. ; _c30cm. |
||
| 650 |
_aMechanical Engineering - MS Theses. _930365 |
||
| 700 |
_aSup: Dr. Imran Akhtar. _934621 |
||
| 942 |
_2ddc _cTHE |
||
| 999 |
_c540546 _d540546 |
||